| 000 | 00323nam a2200133 i 4500 | ||
|---|---|---|---|
| 001 | bg | ||
| 100 | 1 | _aSUSCHKA, Jan | |
| 245 | 0 |
_aPodstawy stosowania i wymiarowania osadu czynnego / _cJ. Suschka. |
|
| 260 |
_aWarszawa, _c1981. |
||
| 040 | _cBPK | ||
| 041 | _apol | ||
| 942 | _cKS | ||
| 008 | s pl f |000 0 pol | ||
| 999 |
_c1888 _d1888 |
||
| 856 |
_uhttp://koha.tu.koszalin.pl/cgi-bin/koha/opac-detail.pl?biblionumber=1888 _yKatalog online BPK |
||